000 01113nam a2200241Ia 4500
003 Ost
005 20260507075317.0
008 260507s9999||||xx |||||||||||||| ||und||
020 _a×266119957
040 _cfsecg
041 _aara
082 _a510
100 _aبطاينة، ناجي باير
_eمؤلف
245 0 _aمفاهيم أساسية و عمليات حسابية /
_c ناجي باير بطاينة
260 _aعمان:
_bدار وائل للنشر والتوزيع,
_c2002
300 _a360 صفحة؛
_bإيضاحات ؛
_c24 سم
490 _aسلسلة علم الكمياء الحيوية
504 _aببليوغرافيا: ص.357-360
520 _aتنظيم العوامل البيئية، المحاليل المائية، الاحماض و القواعد، المنظمات الحيوية، الخواص الحامضية القاعدية للمواد عديدة البروتون، الضوء و النظام البيولوجي ، طرق العزل، المل الكميائي
653 _aالبيئة
653 _aالكيمياء الحيوية
942 _cكتاب
999 _c43900
_d43900